[Event "Jakarta op"]
[Site "Jakarta"]
[Date "2024.01.20"]
[Round "5"]
[White "Marrhuimawan, Maximiliano"]
[Black "Ahmad, Wildan"]
[Result "1-0"]
[WhiteElo "1753"]
[BlackElo "1918"]
[PlyCount "53"]
[EventDate "2024.01.19"]
[EventType "swiss"]
[EventRounds "7"]
[EventCountry "INA"]
[SourceTitle "CBM 218 Extra"]
[Source "ChessBase"]
[SourceDate "2024.03.31"]
[SourceVersion "1"]
[SourceVersionDate "2024.03.31"]
[SourceQuality "1"]

1. e4 c5 2. Nf3 Nc6 3. d4 cxd4 4. Nxd4 d6 5. Nc3 Nf6 6. f3 g6 7. Be3 Bg7 8. Qd2 Bd7 9. 0-0-0 Rc8 10. g4 h5 11. g5 Nh7 12. f4 0-0 13. f5 Ne5 14. Nd5 Nc4 15. Bxc4 Rxc4 16. Rdf1 Re8 17. Qf2 e6 18. fxg6 fxg6 19. Qf7+ Kh8 20. Nf4 Nxg5 21. Qxg6 Qf6 22. Qxh5+ Qh6 23. Rhg1 Rg8 24. Rxg5 Be8 25. Qxh6+ Bxh6 26. Rxg8+ Kxg8 27. Rd1 1-0

[Event "Penang op-A 15th"]
[Site "Penang"]
[Date "2023.12.21"]
[Round "6"]
[White "Lim, Wei Yang1"]
[Black "Marrhuimawan, Maximiliano"]
[Result "0-1"]
[WhiteElo "1719"]
[BlackElo "1784"]
[PlyCount "132"]
[EventDate "2023.12.18"]
[EventType "swiss"]
[EventRounds "9"]
[EventCountry "MAS"]
[SourceTitle "CBM 217 Extra"]
[Source "ChessBase"]
[SourceDate "2024.01.31"]
[SourceVersion "1"]
[SourceVersionDate "2024.01.31"]
[SourceQuality "1"]

1. e4 e5 2. Nc3 Nf6 3. f4 d5 4. fxe5 Nxe4 5. Qf3 f5 6. d3 Nxc3 7. bxc3 d4 8. Qg3 Nc6 9. Be2 Qd5 10. Nf3 dxc3 11. 0-0 Bc5+ 12. Kh1 0-0 13. Bh6 Rf7 14. Rae1 Kh8 15. Bf4 Be6 16. Ng5 Re7 17. Bh5 g6 18. Bxg6 Rg8 19. Bh5 Nd4 20. Qh3 Qd7 21. Bd1 Reg7 22. Qh6 Rg6 23. Qh5 Qg7 24. h4 Bf8 25. Be3 Rh6 26. Bxd4 Rxh5 27. Bxh5 h6 28. Bf7 Bxf7 29. Nxf7+ Kh7 30. Rf2 Qxf7 31. e6 Qe7 32. Rf4 Rg6 33. Re5 Rg4 34. Rfxf5 Rxh4+ 35. Kg1 Rxd4 36. Rf7+ Qxf7 37. exf7 Rd7 38. Rb5 Rxf7 39. Rxb7 Bg7 40. Kh2 Rf2 41. Rxc7 Rxc2 42. d4 Rxa2 43. Rxc3 Bxd4 44. Rc6 a5 45. Kh3 Rf2 46. Rc4 Bg7 47. Ra4 Rf5 48. Kg4 Rb5 49. Kh3 Kg6 50. Ra3 Bf8 51. Ra2 Rb3+ 52. Kg4 Rb4+ 53. Kh3 a4 54. g3 Rc4 55. Re2 Bc5 56. Ra2 a3 57. Kg2 Rc3 58. Kh3 Rb3 59. Rc2 Bf8 60. Kg4 Rb4+ 61. Kh3 Rb2 62. Rc6+ Kh7 63. Ra6 a2 64. Kg4 Bg7 65. Ra7 Rb4+ 66. Kh3 a1Q 0-1

[Event "Bekasi Scua op 1st"]
[Site "Bekasi"]
[Date "2022.01.16"]
[Round "8"]
[White "Aulia, Naufal Aiz Dhafin"]
[Black "Marrhuimawan, Maximiliano"]
[Result "1-0"]
[WhiteElo "1734"]
[BlackElo "1510"]
[PlyCount "65"]
[EventDate "2022.01.12"]
[EventType "swiss"]
[EventRounds "9"]
[EventCountry "INA"]
[SourceTitle "CBM 206 Extra"]
[Source "ChessBase"]
[SourceDate "2022.03.31"]
[SourceVersion "1"]
[SourceVersionDate "2022.03.31"]
[SourceQuality "1"]

1. e4 e5 2. Nf3 Nc6 3. Bc4 Nf6 4. d3 Bc5 5. Nc3 d6 6. h3 Na5 7. Bb3 Nxb3 8. axb3 a6 9. 0-0 0-0 10. Bg5 c6 11. Qd2 Re8 12. Bh4 Qe7 13. Ne2 Bd7 14. Ng3 Qe6 15. Nf5 Nh5 16. Qg5 Qg6 17. Ne7+ Rxe7 18. Qxe7 Nf4 19. Qg5 f6 20. Qxg6 Nxg6 21. Bg3 Kf7 22. c3 Rd8 23. Rfd1 Be6 24. b4 Bb6 25. d4 Ke7 26. dxe5 dxe5 27. Rxd8 Bxd8 28. Kf1 Nh8 29. Nd2 g5 30. h4 h6 31. hxg5 hxg5 32. Ke2 Kf7 33. Rh1 1-0

[Event "Bekasi Scua op 1st"]
[Site "Bekasi"]
[Date "2022.01.14"]
[Round "5"]
[White "Marrhuimawan, Maximiliano"]
[Black "Maulana, Ezra Faletehan"]
[Result "1/2-1/2"]
[WhiteElo "1510"]
[BlackElo "1822"]
[PlyCount "57"]
[EventDate "2022.01.12"]
[EventType "swiss"]
[EventRounds "9"]
[EventCountry "INA"]
[SourceTitle "CBM 206 Extra"]
[Source "ChessBase"]
[SourceDate "2022.03.31"]
[SourceVersion "1"]
[SourceVersionDate "2022.03.31"]
[SourceQuality "1"]

1. e4 e6 2. d4 d5 3. Nc3 dxe4 4. Nxe4 Nc6 5. Nf3 Be7 6. Be3 Nf6 7. Nxf6+ Bxf6 8. Qd2 Qd5 9. c4 Qa5 10. Qxa5 Nxa5 11. Be2 b6 12. b4 Nc6 13. Rb1 Bb7 14. 0-0 Rd8 15. Rbd1 Ne7 16. Rd2 Nf5 17. Rfd1 Nxe3 18. fxe3 Ke7 19. Bd3 Rd7 20. Bc2 Rhd8 21. e4 g6 22. Ba4 c6 23. d5 Bc3 24. Rd3 Bxb4 25. Ne5 Bc5+ 26. Kh1 Rc7 27. Nxc6+ Bxc6 28. Bxc6 e5 29. Ba4 1/2-1/2